|
|
|
|
| LEADER |
00000nab a2200000 a 4500 |
| 001 |
vtls000296492 |
| 003 |
SK-MaSNL |
| 005 |
20260303225311.0 |
| 008 |
140423c1987 xo 0 slo |
| 015 |
|
|
|a SNBRB19rr/mm-uuuuu
|
| 035 |
|
|
|a CL0306611
|
| 040 |
|
|
|a SNKBUCL
|b slo
|c SNKBUCL
|e AACR2
|
| 041 |
1 |
|
|a slo
|h jpn
|
| 044 |
|
|
|a xo
|c SK
|
| 080 |
|
|
|a 895.6-3
|2 1981
|
| 100 |
1 |
|
|a Mišima, Jukio,
|d 1925-1970
|4 aut
|9 242123
|
| 245 |
1 |
0 |
|a Hukot príboja
|c Jukio Mišima ; preklad Karol Kuťka
|
| 300 |
|
|
|b Fot. 1.
|
| 655 |
|
7 |
|a japonské romány
|2 snkbucl
|9 70776
|
| 655 |
|
7 |
|a úryvky
|2 snkbucl
|9 84604
|
| 655 |
|
7 |
|a články z novín a časopisov
|2 snkbucl
|9 267496
|
| 655 |
|
7 |
|a články z odboru literárna veda a krásna literatúra
|2 snkbucl
|9 770045
|
| 700 |
1 |
|
|a Kuťka, Karol,
|d 1951-
|4 trl
|9 177357
|
| 773 |
0 |
|
|t Revue svetovej literatúry
|g Roč. 23, č. 7 (1987), s. 52-64
|
| 850 |
|
|
|a Slovenská národná knižnica v Martine
|a MTA001
|
| 852 |
|
|
|a SNK
|b KIS3GCP
|
| 958 |
|
|
|a RK
|
| 958 |
|
|
|a LX
|
| 999 |
|
|
|c 2256513
|d 2258443
|